00637nam a2200169Ia 4500003000900000008004100009020001800050040001600068080001900084100002300103245022400126260004500350300001800395650001700413650001700430700002000447IN-BaIIA211028s9999 xx 000 0 eng d a92-9092-323-7 cIIA Library a524.382bESA-I aLa Dous, Constanze 0aIUE-ULDA access guide no. 5bpt. 1, international ultraviolet explorer-uniform low disperson archive chromospherically active binary starscConstanze La Dous and Gimenez, Alvaro  aNetherlandsbEuropean Space Agencyc1994 axxviii, 221p. aBinary stars aChromosphere aGimenez, Alvaro